• 首页
  • 本馆介绍
  • 公告通知
  • 最新文献
  • 馆藏检索
  • 电子资源
  • 读者导购
  • 参考咨询
  • 我的图书馆
  • 登录
  • 详细信息显示
  • 放入我的书架
  • 预约/预借图书
  • 作者相关作品
  • 分类相关作品
  • 丛书相关作品
  • 出版社相关作品

书目信息

  • 表格格式
  • 工作单格式
  • 卡片格式
题名:
地震沉积学原理与应用
    
 
作者: 朱筱敏 , 曾洪流 , 董艳蕾 译著
分册:  
出版信息: 北京   石油工业出版社  2017
页数: 506页
开本: 26cm
丛书名:
单 册:
中图分类: P588.2
科图分类:
主题词: 地震--di zhen--沉积学
电子资源:
ISBN: 978-7-5183-1484-3
000 01237nam0 2200301 450
001 012001002270
005 20131110114606.0
010    @a978-7-5183-1484-3@dCNY260.00
099    @aCAL 012017037703
100    @a20170222d2017 em y0chiy50 ea
101 0  @achi
102    @aCN@b110000
105    @aab a 000yy
106    @ar
200 1  @a地震沉积学原理与应用@Adi zhen chen ji xue yuan li yu ying yong@f朱筱敏, 曾洪流, 董艳蕾等译著
210    @a北京@c石油工业出版社@d2017
215    @a506页@c图 (部分彩图), 地图@d26cm
312    @a英文并列题名取自封面
320    @a有书目
330    @a本书以现代沉积学、层序地层学和地球物理学为理论基础, 利用三维地震资料, 经过地层切片和地震属性分析, 确定沉积体系类型、储层分布、储层空间形态和储层质量, 完整地呈现了地震沉积学的产生、理论基础、研究思路、技术手段、工作流程和应用实例, 对沉积地质学、储层地质学和石油地质学等相关研究具有一定的借鉴和指导作用。
510 1  @aPrinciple of seismic sedimentology and its application@zeng
606 0  @a地震@Adi zhen@x沉积学
690    @aP588.2@v5
701  0 @a朱筱敏@Azhu xiao min@4译著
701  0 @a曾洪流@Azeng hong liu@4译著
701  0 @a董艳蕾@Adong yan lei@4译著
801  0 @aCN@b北京卓展@c20191020
905    @b1205078-9@dP588.2@e144@f2
    
    地震沉积学原理与应用/朱筱敏, 曾洪流, 董艳蕾等译著.-北京:石油工业出版社,2017
    506页:图 (部分彩图), 地图;26cm
    
    
    ISBN 978-7-5183-1484-3:CNY260.00
    本书以现代沉积学、层序地层学和地球物理学为理论基础, 利用三维地震资料, 经过地层切片和地震属性分析, 确定沉积体系类型、储层分布、储层空间形态和储层质量, 完整地呈现了地震沉积学的产生、理论基础、研究思路、技术手段、工作流程和应用实例, 对沉积地质学、储层地质学和石油地质学等相关研究具有一定的借鉴和指导作用。
●
相关链接 在E读中查询图书 在五车中查询图书 在当当中查询图书 在豆瓣中查询图书


正题名:地震沉积学原理与应用     索取号:P588.2/144         预约/预借

序号 登录号 条形码 馆藏地/架位号 状态 备注
1 1205078   212050787   第二样本阅览室/ [索取号:P588.2/144] 在馆    
2 1205079   212050796   第三借阅区/ [索取号:P588.2/144] 在馆    
唐山师范学院图书馆 欢迎您!
大连网信软件有限公司© 版权所有